000 00764nas a2200241 4500
001 BR0808653
003 BR-BrBNA
005 20231205112903.0
007 ta
008 230509b bl.|||p| |||| 00| 00por d
040 _aBR-BrBNA
_bpor
_cBiblioteca Nacional de Agricultura
041 _a(Pt)
072 _aP10
100 1 _aCabral, J.J. da S.
100 1 _aSantos, S.M. dos
100 1 _aPontes Filho, I.D. da S.
245 1 _aBombeamento intensivo de água subterrânea e riscos de subsidência do solo
650 _aÁGUAS INTERIORES
650 _aSOLO
773 0 _tRevista Brasileira de Recursos Hídricos (Brazil)
_xISSN 1414-381X
_g(Jul-Sep 2006), v. 11(3) p. 147-157
_wBR0808653
909 _a202311
_bLúcia
_c55
_dLúcia Elande
942 _2AGRIS
_n0
_cANA
999 _c200603
_d200603